Statystyki dla FIRMY KURIERSKIE

Kliknij tutaj aby rozwiązać quiz!

Ogólne statystyki

  • Ten quiz został rozwiązany 613 razy
  • Średni wynik to 4 z 6

Statystyki odpowiedzi

HintOdpowiedź% Poprawnych
1.DHL
90%
6.INPOST
89%
2.DPD
84%
4.UPS
64%
3.FEDEX
59%
5.POCZTEX
38%

Rozkład punktacji

Percentyl według liczby udzielonych odpowiedzi

Procent ludzi z każdym wynikiem

Twoja historia wyników

Nie rozwiązałeś tego quizu